Normal view
MARC view
- سوريا- تاريخ- عصر حديث
Entry Topical Term
001 - CONTROL NUMBER
- control field: 13767
003 - CONTROL NUMBER IDENTIFIER
- control field: JO-AjAnu
005 - DATE AND TIME OF LATEST TRANSACTION
- control field: 20230606072512.0
008 - FIXED-LENGTH DATA ELEMENTS
- fixed length control field: 230606|| aca||aabn | a|a d
040 ## - CATALOGING SOURCE
- Original cataloging agency: JO-AjAnu
- Transcribing agency: JO-AjAnu
150 ## - HEADING--TOPICAL TERM
- Topical term or geographic name entry element: سوريا- تاريخ- عصر حديث
670 ## - SOURCE DATA FOUND
- Source citation: Work cat.: (JO-AjAnu)7080: دام، نيقولاوس فان, author 13766, الصراع على السلطة في سوريا: الطائفية والاقليمية والعشائرية في السياسة، 1961 - 1995